000 00418 a2200169 4500
001 44200
020 _a9788573195835
040 _cAnchieta - Aquarius
100 _aAssis, Joana dÁrc Tôrres de
240 1 0 _aCom quantos trouxas se faz uma guerra
_lpor
245 1 0 _aCom quantos trouxas se faz uma guerra
300 _a40
362 0 _a2008
440 1 _aDimensão
650 4 _aLiteratura juvenil
942 _cBK
999 _c44200
_d44200